| 000 | 013110000a22002290004500 | ||
|---|---|---|---|
| 001 | 768714001 | ||
| 003 | CO-MdFUSB | ||
| 005 | 20161103105859.0 | ||
| 008 | 161103s1996 sp ||||| |||| 00| 0 eng d | ||
| 022 | _a0014-1437 | ||
| 040 |
_aCO-MdFUSB _cCO-MdFUSB _dCO-MdFUSB |
||
| 041 | _aspa | ||
| 100 | 1 |
_aBegg, Christopher T. _eautor |
|
| 245 | 1 | 0 | _aThe Abigail Story (1 Samuel 25) According to Josephus |
| 300 |
_aVolumen 54, número 1 (1996), Páginas 5-34 _c23 cm. |
||
| 520 | _aLa figura central de 1 Samuel 25 es Abigaíl, quien libera a su familia de la cólera de David y termina casándose con el futuro rey de Israel. Este artículo ofrece una detallada comparación entre el relato de Josefo en Ant. 6.295-309 y su fuente bíblica (tal como aparece en TM, LXX y Targum). Se trata de determinar cómo y por qué Josefo adapta el relato bíblico sobre Abigaíl. Del artículo se desprende que Josefo, en contra de su tendencia general a rebajar y descalificar a los personajes femeninos de la historia judía, acentúa los rasgos positivos de la imagen bíblica de esta mujer. | ||
| 546 | _aTexto en Inglés | ||
| 653 | _aAntiguo Testamento -- 1 Samuel | ||
| 653 | _a1 Samuel 25 | ||
| 773 | 0 |
_tEstudios Bíblicos _049452 _960482 _gVolumen 54, número 1 (1996), Páginas 5-34 _qPáginas 5 |
|
| 942 | _cANA | ||
| 999 |
_c50201 _d50201 |
||